Statistics for 20 Countries by Military Expenditure

Click here to take the quiz!

General Stats

  • This quiz has been taken 27 times
  • The average score is 18 of 20

Answer Stats

Spending (Billions $)Country% Correct
22.8Brazil
100%
215.7China
100%
41.1Germany
100%
55.9India
100%
69.2Russia
100%
63.7Saudi Arabia
100%
48.3United Kingdom
100%
611.2United States
100%
24.3Australia
96%
55.7France
96%
27.9Italy
96%
14.9Spain
96%
15.5Canada
92%
12.3Iran
92%
46.1Japan
92%
36.8South Korea
88%
14.9Turkey
88%
22.8United Arab Emirates
79%
17.8Israel
71%
10.6Algeria
54%

Score Distribution

Percentile by Number Answered

Percent of People with Each Score

Your Score History

You have not taken this quiz